| 000 | 00656na a2200217 4500 | ||
|---|---|---|---|
| 001 | 15603 | ||
| 003 | MIRAKIL | ||
| 005 | 20181213154914.0 | ||
| 008 | 160918b tu 000 0 | ||
| 040 |
_aMilas _btur _cTR-AnCHP |
||
| 082 |
_a344.01026 _bC62t |
||
| 090 | _a344.01026 C62t 1965 | ||
| 100 | _aCrane, Bertram R. | ||
| 245 |
_aTürk iş hukuku mevzutına göre iş uyuşmuzlıklarının halli _cBertram R. Crane |
||
| 260 |
_aAnkara _bProdüktivite Merkezi _c1965 |
||
| 300 |
_a303 s. _c24 sm. |
||
| 650 | _aTürk iş hukuğu | ||
| 650 |
_aIş uyuşmazlığı _xHukuk ve mevzuat _zTürkiye |
||
| 650 |
_aIş hukuğu _zTürkiye |
||
| 942 |
_2ddc _cBKS |
||
| 999 |
_c2958 _d2958 |
||